000 00985nam0a22002651 4500
001 rc\4167134
005 20250611005710.0
021 _aRU
_b[47-6190]
035 _a(NLR Aleph) 007997161
090 _a8616595
_c8616595
100 _a20130415d1947 |||y0rusy50 ca
101 1 _arus
_cdun
102 _aRU
105 _ay z |||a|
200 1 _aНадпись на чаше
_eСтихи. 1938-1945
_fПер. с дунган. под ред. Семена Липкина
210 _a[Москва]
_cСоветский писатель
_d1947
_gТип. № 3 Упр. изд-в и полиграфии Исполкома Ленгорсовета
215 _a94 с.
_d16
300 _aПеред загл. авт.: Ясыр Шиваза
700 1 _aШиваза
_bЯ.Д.
_f1906-1988
_gЯсыр Джумазович
702 1 _aЛипкин
_bС.
_gСемен
_4340
801 0 _aRU
_bNLR
_gpsbo
801 1 _aRU
_bELAR
_2rusmarc
852 _aNLR
_jЛ40 Г-2/408
942 _cBOOK
980 _aNB